BIBLIOTECA

SENCICO

Seguridad e higiene del trabajo en las empresas multinacionales (Registro nro. 3004)

Detalles MARC
000 -LEADER
fixed length control field 00722nam a2200193Ia 4500
005 - DATE AND TIME OF LATEST TRANSACTION
control field 20251020182559.0
008 - FIXED-LENGTH DATA ELEMENTS--GENERAL INFORMATION
fixed length control field 200515s9999 xx 000 0 und d
082 ## - DEWEY DECIMAL CLASSIFICATION NUMBER
Classification number SC/331.822/823:658.1/O36
110 ## - MAIN ENTRY--CORPORATE NAME
Corporate name or jurisdiction name as entry element OIT
245 #0 - TITLE STATEMENT
Title Seguridad e higiene del trabajo en las empresas multinacionales
260 ## - PUBLICATION, DISTRIBUTION, ETC.
Place of publication, distribution, etc. Ginebra
260 ## - PUBLICATION, DISTRIBUTION, ETC.
Date of publication, distribution, etc. 1984
300 ## - PHYSICAL DESCRIPTION
Extent 117
520 ## - SUMMARY, ETC.
Summary, etc. Analiza las normas de seguridad e higiene del trabajo de ocho Empresas multinacionales activas en una amplia variedad de industrias en siete países (república federal de Alemania, EE.UU., México, Nigeria, Países Bajos, Reino Unido y Suiza) gracias a detal
650 ## - SUBJECT ADDED ENTRY--TOPICAL TERM
Topical term or geographic name entry element EMPRESAS
650 ## - SUBJECT ADDED ENTRY--TOPICAL TERM
Topical term or geographic name entry element PUB OIT
650 ## - SUBJECT ADDED ENTRY--TOPICAL TERM
Topical term or geographic name entry element SEGURIDAD E HIGIENE
942 ## - ADDED ENTRY ELEMENTS (KOHA)
Koha item type Libros
Existencias
Fecha de la última vez que lo usaron Pago total Signatura topográfica completa Código de barras Precio efectivo desde Tipo de documento Estado perdido Estado dañado No es para préstamo Retirado Ubicación permanente Ubicación actual Fecha de adquisición
15/05/2020   SC/331.822/823:658.1/O36 Bib-Lima15053004 15/05/2020 Libros         Biblioteca Central Lima Biblioteca Central Lima 15/05/2020